000 01072cam a22003014a 4500
001 13097135
003 ARRUPE
005 20211013120732.0
008 030220s2003 enk b 001 0 eng
010 _a 2003004253
020 _a0745625703 (alk. paper)
020 _a0745625711 (pbk. : alk. paper)
040 _aDLC
_cDLC
_dDLC
042 _apcc
043 _ae-gx---
050 0 0 _aB2521
_b.B69 2003
082 0 0 _a193
_221
100 1 _aBowie, Andrew,
_d1952-
_95587
245 1 0 _aIntroduction to German philosophy :
_bfrom Kant to Habermas /
_cAndrew Bowie.
246 3 0 _aGerman philosophy
260 _aCambridge, UK :
_bPolity Press ;
_aMalden, MA :
_bDistributed in the USA by Blackwell Pub.,
_c2003.
300 _ax, 291 p. ;
_c24 cm.
504 _aIncludes bibliographical references (p. [281]-287) and index.
650 0 _aPhilosophy, German
_xHistory.
_950420
906 _a7
_bcbc
_corignew
_d1
_eecip
_f20
_gy-gencatlg
942 _2lcc
_cMONOGRAPH
999 _c130789
_d130789